000 00649cam a22002051 4500
001 45451
090 _a45451
100 _a19931218d1944 m y0pory5003 ba
101 1 _apor
102 _aPT
200 1 _aO Sr. Tompkins no país das maravilhas
_fG. Gamow
_gtrad. A. Sá da Costa
210 9 _aLisboa
_cEdições Cosmos,
_d1944
215 _a120, [5] p.
_d19 cm
225 2 _aBiblioteca Cosmos
_v14
_h1.ª secção
_v5.
_iCiências e Técnicas. Matemática e cosmologia
532 1 2 _aˆO ‰Senhor Tompkins no país das maravilhas
675 _a53
700 1 _aGamow,
_bGeorge,
_f1904-1968
702 1 _aCosta,
_bA. Sá da
_4730
801 0 _aPT
_bBN
_gRPC
990 _cLIVROS